Philosophy in a new key : a study in the symbolism of reason, rite and art /

Bibliographic Details
Main Author: Langer, Susanne K. (Susanne Katherina Knauth), 1895-1985
Format: Book
Language:English
Published: Cambridge, Mass. : Harvard University Press, 1942.
Subjects:

MARC

Tag First Indicator Second Indicator Subfields
LEADER 00000cam a2200000 a 4500
001 in00000652016
005 20151015070121.0
008 741216s1942 mau b 00110 engm
010 |a a 42003266  
035 |a (OCoLC)01112414 
035 |9 ACW6126AM 
040 |c CSU  |d m.c.  |d TXA  |d UtOrBLW 
049 |a TXAM  |c [1632839] 
050 0 0 |a BF458  |b .L3 
082 0 |a 153  |a 159.955 
100 1 |a Langer, Susanne K.  |q (Susanne Katherina Knauth),  |d 1895-1985. 
245 1 0 |a Philosophy in a new key :  |b a study in the symbolism of reason, rite and art /  |c by Susanne K. Langer. 
264 1 |a Cambridge, Mass. :  |b Harvard University Press,  |c 1942. 
300 |a xiv, 313 pages ;  |c 23 cm. 
336 |a text  |b txt  |2 rdacontent 
337 |a unmediated  |b n  |2 rdamedia 
338 |a volume  |b nc  |2 rdacarrier 
500 |a Includes index. 
504 |a Bibliography:: pages [295]-302. 
650 0 |a Symbolism. 
650 0 |a Philosophy. 
999 |a MARS 
999 f f |s da4e2720-c71b-3ca2-bedb-337d04124514  |i 570612f4-bd86-37d0-87b2-36b9456b0d6b  |t 0 
952 f f |p normal  |a Texas A&M University  |b College Station  |c Sterling C. Evans Library  |d Evans: Library Stacks  |t 0  |e BF458 .L3  |h Library of Congress classification  |i unmediated -- volume  |m A14801682187 
998 f f |a BF458 .L3  |t 0  |l Evans: Library Stacks